Administración de personal y recursos humanos./ (Registro nro. 9091)

Detalles MARC
000 -LEADER
fixed length control field 01672nam a2200217Ia 4500
005 - FECHA Y HORA DE LA ÚLTIMA TRANSACCIÓN
control field 20250606142912.0
008 - FIXED-LENGTH DATA ELEMENTS--GENERAL INFORMATION
fixed length control field 230903s9999 xx 000 0 und d
020 ## - INTERNATIONAL STANDARD BOOK NUMBER
International Standard Book Number 9701028929
040 ## - CATALOGING SOURCE
Original cataloging agency UPAN
Transcribing agency Biblioteca San Vicente
Description conventions RCAA2
041 ## - LANGUAGE CODE
Language code of text/sound track or separate title spa
082 ## - DEWEY DECIMAL CLASSIFICATION NUMBER
Classification number 658.3
Item number W478a
año de publicación 2000
100 ## - MAIN ENTRY--PERSONAL NAME
Personal name Werther, William B.
Relator code aut.
245 #0 - TITLE STATEMENT
Title Administración de personal y recursos humanos./
Remainder of title William B. Werther
250 ## - EDITION STATEMENT
Edition statement 5° ed.
260 ## - PUBLICATION, DISTRIBUTION, ETC. (IMPRINT)
Place of publication, distribution, etc México:
Name of publisher, distributor, etc McGraw Hill,
Date of publication, distribution, etc 2000
300 ## - PHYSICAL DESCRIPTION
Extent 582 p.;
Dimensions 25 cm.
505 ## - FORMATTED CONTENTS NOTE
Formatted contents note Parte I. Fundamentos y desafíos<br/>Capitulo 1. Elementos esenciales de los recursos humanos<br/>Capitulo 2. Desafíos del entorno<br/>Capitulo 3. Desafíos internacionales<br/>Parte II. Preparación y selección<br/>Capitulo 4. Análisis y diseño de puestos<br/>Capitulo 5. Planeación de los recursos humanos<br/>Capitulo 6. Reclutamiento <br/>Capitulo 7. Selección de personal<br/>Parte III. Desarrollo y evaluación<br/>Capitulo 8. Orientación, ubicación y separación<br/>Capitulo 9. Capacitación y desarrollo<br/>Capitulo 10. Planeación de la carrera profesional<br/>Capitulo 11. Evaluación del desempeño <br/>Parte IV. Compensación y protección<br/>Capitulo 12. Sueldos y salarios <br/>Capitulo 13. Incentivos y participación en las utilidades<br/>Capitulo 14. Prestaciones y servicios al personal <br/>Capitulo 15. Aspectos de seguridad y salud<br/>Parte V. Relaciones con el personal y evaluación de la vida laboral<br/>Capitulo 16. Desafíos la relacion con el personal<br/>Capitulo 17. Relaciones de la empresa con el sindicato<br/>Capitulo 18. Evaluación y perspectivas a futuro <br/>
650 ## - SUBJECT ADDED ENTRY--TOPICAL TERM
Source of heading or term LEMB
Topical term or geographic name as entry element Recursos humanos
General subdivision Administración
700 ## - ADDED ENTRY--PERSONAL NAME
Personal name Keith Davis
Relator code col.
942 ## - ADDED ENTRY ELEMENTS (KOHA)
Koha item type Libros
Source of classification or shelving scheme Dewey Decimal Classification
Existencias
Withdrawn status Lost status Source of classification or shelving scheme Damaged status Not for loan Collection code Home library Current library Date acquired Total Checkouts Full call number Barcode Date last seen Copy number Price effective from Koha item type
    Dewey Decimal Classification     Colección General Biblioteca UPAN San Vicente Biblioteca UPAN San Vicente 03/09/2023   658.3 W478a 12001716 03/09/2023 01 03/09/2023 Libros
    Dewey Decimal Classification     Colección General Biblioteca UPAN San Vicente Biblioteca UPAN San Vicente 03/09/2023   658.3 W478a 12001715 04/09/2023 02 03/09/2023 Libros
    Dewey Decimal Classification     Colección General Biblioteca UPAN San Vicente Biblioteca UPAN San Vicente 03/09/2023   658.3 W478a 12001714 04/09/2023 03 03/09/2023 Libros